A TEXTBOOK OF COSMETIC LEGISLATION (Record no. 5908)

MARC details
000 -LEADER
fixed length control field 00414nam a22001577a 4500
005 - DATE AND TIME OF LATEST TRANSACTION
control field 20240109131317.0
008 - FIXED-LENGTH DATA ELEMENTS--GENERAL INFORMATION
fixed length control field 190530b xxu||||| |||| 00| 0 eng d
020 ## - INTERNATIONAL STANDARD BOOK NUMBER
ISBN 978-81-96396-13-8
041 ## - LANGUAGE CODE
Language code of text/sound track or separate title eng
100 ## - MAIN ENTRY--AUTHOR NAME
Personal name SARAF, DR. SWARNLATA AND KAPOOR, SHWETA
245 ## - TITLE STATEMENT
Title A TEXTBOOK OF COSMETIC LEGISLATION
250 ## - EDITION STATEMENT
Edition statement 4th ed., 2018
260 ## - PUBLICATION, DISTRIBUTION, ETC. (IMPRINT)
Place of publication PUNE
Name of publisher NIRALI PRAKASHAN
300 ## - PHYSICAL DESCRIPTION
Number of Pages B.6 p,
942 ## - ADDED ENTRY ELEMENTS (KOHA)
Koha item type Books
Holdings
Lost status Damaged status Collection code Home library Current library Shelving location Date acquired Source of acquisition Cost, normal purchase price Accession Number Koha item type
    PHARMACY JRU Library JRU Library SHELF - 18 - I 30/05/2019 PURCHESS 210.00 22884 Books
    PHARMACY JRU Library JRU Library SHELF-5-E 30/05/2019 PURCHESS 210.00 22885 Books
    PHARMACY JRU Library JRU Library SHELF - 18 - I 30/05/2019 PURCHESS 210.00 22886 Books